01302cam a22003255a 4500001001000000003000400010005001700014008004100031020002500072040003600097041001300133082002300146100005100169245011100220250002200331260005300353300003400406500003300440500002400473504003100497546005600528650005200584650006000636653002800696700003800724700003300762942000800795999001700803952015600820017397438OSt20160904145714.0150610s2015 enka frb 001 0 eng d a9781107531659 (pbk.) aStDuBDSbengcStDuBDSdEG-ScBUE1 aenghrus04a616.85889222bAKH1 aAkhutina, T. V.q(Tatʹi︠a︡na Vasilʹevna)10aOvercoming learning disabilities /cTatiana V. Akhutina, Natalia M. Pylaeva ; translated by Julia Linkova. a1st paperback ed. aCambridge :bCambridge University Press, c2015. axii, 305 p. :bill. ;c23 cm. aTranslated from the Russian. aIndex : p. 299-305. aBibliography : p. 275-296. aText in English ; translated from original Russian. 7aLearning disabilitiesxTreatment.2BUEsh941009 0aPeople with mental disabilitiesxRehabilitation.2BUEsh bHHUUEENNcSeptember20161 aPylaeva, N.q(Natalia M.),d1948-1 aLinkova, Julia,etranslator. 2ddc c22295d22267 00102ddc40708BaccahaMAINbMAINc1STd2016-09-04ePurchaseg323.00h26103l1o616.85889 AKHp000033526r2025-07-15 00:00:00s2023-12-10v404.00yBB